[Event "Sachsen-ch U10 Girls"]
[Site "Sebnitz"]
[Date "2013.04.03"]
[Round "2"]
[White "Thalheim, Sara Sophie"]
[Black "Adam, Lisamarie"]
[Result "0-1"]
[WhiteElo "790"]
[BlackElo "865"]
[PlyCount "132"]
[EventDate "2013.04.02"]
[EventType "swiss"]
[EventRounds "7"]
[EventCountry "GER"]
[SourceTitle "EXT 2014"]
[Source "ChessBase"]
[SourceDate "2013.11.20"]
[SourceVersion "1"]
[SourceVersionDate "2013.11.20"]
[SourceQuality "1"]

1. e4 e5 2. Bc4 Nc6 3. Nf3 Nd4 4. h3 Bc5 5. d3 d6 6. Bg5 Qd7 7. Nc3 c6 8. 0-0 h6 9. Be3 Nf6 10. a3 b5 11. b4 bxc4 12. bxc5 dxc5 13. dxc4 0-0 14. Rb1 Ba6 15. Nh4 Bxc4 16. Re1 Rad8 17. Nf5 Nxf5 18. Qf3 Nh4 19. Qg3 Ng6 20. h4 Qg4 21. Qh2 Qxh4 22. Qxh4 Nxh4 23. Bxc5 Rfe8 24. Re3 Rd2 25. Rg3 Rxc2 26. Re1 Nd7 27. Bd6 Bd3 28. Rxd3 Nf6 29. Ree3 Ng4 30. Rg3 Nxf2 31. Rde3 f6 32. Ne2 Nd1 33. Rd3 Nb2 34. Rb3 Nc4 35. Rg4 g5 36. Rb7 Rxe2 37. Be7 Kg7 38. Bc5+ Kg8 39. Rg3 Rc2 40. Rgb3 Na5 41. Bd6 Nxb7 42. Rxb7 Rxg2+ 43. Kf1 Rd2 44. Bb4 Rd4 45. Bc5 Rxe4 46. Bf2 Rc4 47. Bxa7 Ra8 48. Bb6 Rca4 49. Bc5 f5 50. Re7 e4 51. Bf2 Rxa3 52. Bc5 Rc3 53. Bd4 Rc2 54. Rg7+ Kf8 55. Ke1 f4 56. Rh7 Rb8 57. Kd1 Rh2 58. Kc1 Rb4 59. Bc3 Rb3 60. Rh8+ Kf7 61. Be5 Ng6 62. Rh7+ Ke6 63. Bd4 Rf3 64. Bf2 Rfxf2 65. Re7+ Kxe7 66. Kd1 Rf1# 0-1